| 000 | 00416nam a2200157Ia 4500 | ||
|---|---|---|---|
| 008 | 131103s9999 xx 000 0 und d | ||
| 040 | _aLoreto College | ||
| 041 | _aEnglish | ||
| 082 |
_a170/DRI _bLCBED/6732 |
||
| 245 |
_aTeaching the catechism _b an aid - book for teachers |
||
| 260 |
_aLondon _bBurns _c1956 |
||
| 300 |
_aix,57p. _c 20cm. |
||
| 650 | _aMoral science | ||
| 850 | _aLCBED/170/DRI | ||
| 942 | _cBK | ||
| 999 |
_c31928 _d82407 |
||